| Tag |
First Indicator |
Second Indicator |
Subfields |
| LEADER |
00000cam a2200000 a 4500 |
| 001 |
in00000083458 |
| 005 |
20151008061303.0 |
| 008 |
730808s1973 utua 00010 engm |
| 010 |
|
|
|a 73084144
|
| 035 |
|
|
|a (OCoLC)00698963
|
| 035 |
|
|
|9 AAJ7732AM
|
| 040 |
|
|
|a DLC
|c DLC
|d TXA
|d UtOrBLW
|
| 043 |
|
|
|a a-vt---
|
| 049 |
|
|
|a TXAM
|c [1362318]
|
| 050 |
0 |
0 |
|a DS557.A675
|b C5
|
| 082 |
0 |
|
|a 959.704/37
|
| 100 |
1 |
|
|a Chesley, Larry.
|
| 245 |
1 |
0 |
|a Seven years in Hanoi :
|b a POW tells his story /
|c by Larry Chesley.
|
| 264 |
|
1 |
|a Salt Lake City, Utah :
|b Bookcraft,
|c 1973.
|
| 300 |
|
|
|a 158 pages :
|b illustrations ;
|c 24 cm.
|
| 336 |
|
|
|a text
|b txt
|2 rdacontent
|
| 337 |
|
|
|a unmediated
|b n
|2 rdamedia
|
| 338 |
|
|
|a volume
|b nc
|2 rdacarrier
|
| 600 |
1 |
0 |
|a Chesley, Larry.
|
| 650 |
|
0 |
|a Vietnam War, 1961-1975
|x Prisoners and prisons, North Vietnamese.
|
| 650 |
|
0 |
|a Vietnam War, 1961-1975
|v Personal narratives, American.
|
| 999 |
|
|
|a MARS
|
| 999 |
f |
f |
|s 2e900761-97e0-310c-941f-ceb6058de34c
|i 5f008e2e-1f54-3198-8b93-1d256e7d31c7
|t 0
|
| 952 |
f |
f |
|p ric
|a Texas A&M University
|b Rellis Campus
|c Joint Library Facility
|d Remote Storage
|t 0
|e DS557.A675 C5
|h Library of Congress classification
|i unmediated -- volume
|m A14806101770
|
| 998 |
f |
f |
|a DS557.A675 C5
|t 0
|l Remote Storage
|